[Event "Team Championship (men blitz)"]
[Site "Sochi"]
[Date "2017.10.05"]
[Round "14.21"]
[White "Goryachkina, Aleksandra"]
[Black "Sjugirov, Sanan"]
[Result "1/2-1/2"]
[LiveChessVersion "1.4.8"]
[BlackElo "2637"]
[WhiteElo "2401"]

1. e4 {[%clk 0:03:03]} g6 {[%clk 0:03:00]} 2. d4 {[%clk 0:03:04]} Bg7
{[%clk 0:03:01]} 3. c4 {[%clk 0:03:05]} d6 {[%clk 0:03:00]} 4. Nc3
{[%clk 0:03:05]} e5 {[%clk 0:02:53]} 5. d5 {[%clk 0:03:06]} a5 {[%clk 0:02:52]}
6. Be3 {[%clk 0:02:59]} Nd7 {[%clk 0:02:51]} 7. h3 {[%clk 0:02:56]} h5
{[%clk 0:02:51]} 8. Nf3 {[%clk 0:02:50]} Bh6 {[%clk 0:02:52]} 9. Bxh6
{[%clk 0:02:49]} Nxh6 {[%clk 0:02:52]} 10. h4 {[%clk 0:02:45]} Nc5
{[%clk 0:02:48]} 11. Ng5 {[%clk 0:02:42]} Qe7 {[%clk 0:02:41]} 12. g3
{[%clk 0:02:42]} f6 {[%clk 0:02:41]} 13. Nf3 {[%clk 0:02:43]} Nf7
{[%clk 0:02:35]} 14. Bh3 {[%clk 0:02:39]} Bxh3 {[%clk 0:02:35]} 15. Rxh3
{[%clk 0:02:40]} f5 {[%clk 0:02:30]} 16. Qe2 {[%clk 0:02:37]} Qd7
{[%clk 0:02:01]} 17. Rh1 {[%clk 0:02:34]} O-O-O {[%clk 0:01:48]} 18. O-O-O
{[%clk 0:02:29]} Rdf8 {[%clk 0:01:48]} 19. Nd2 {[%clk 0:02:27]} Nh6
{[%clk 0:01:43]} 20. Nb3 {[%clk 0:02:26]} Nxb3+ {[%clk 0:01:41]} 21. axb3
{[%clk 0:02:27]} f4 {[%clk 0:01:27]} 22. Nb5 {[%clk 0:02:12]} fxg3
{[%clk 0:01:08]} 23. fxg3 {[%clk 0:02:12]} Qg4 {[%clk 0:01:06]} 24. Qd2
{[%clk 0:02:07]} b6 {[%clk 0:01:05]} 25. c5 {[%clk 0:01:37]} dxc5
{[%clk 0:00:29]} 26. d6 {[%clk 0:01:38]} Qd7 {[%clk 0:00:16]} 27. Nxc7 Qc6 28.
Ne6 {[%clk 0:01:04]} Rf7 {[%clk 0:00:17]} 29. Ng5 {[%clk 0:00:56]} Rd7
{[%clk 0:00:17]} 30. Rhf1 {[%clk 0:00:56]} Rhd8 {[%clk 0:00:12]} 31. Ne6
{[%clk 0:00:54]} Re8 {[%clk 0:00:07]} 32. Ng5 {[%clk 0:00:55]} Red8
{[%clk 0:00:08]} 33. Ne6 {[%clk 0:00:56]} Re8 {[%clk 0:00:09]} 34. Ng5
{[%clk 0:00:57]} Kb7 {[%clk 0:00:07]} 35. Rf6 {[%clk 0:00:55]} Ng4
{[%clk 0:00:06]} 36. Rxg6 {[%clk 0:00:55]} c4 {[%clk 0:00:07]} 37. bxc4
{[%clk 0:00:52]} Qxc4+ {[%clk 0:00:08]} 38. Kb1 {[%clk 0:00:53]} Rc8
{[%clk 0:00:08]} 39. Qd5+ {[%clk 0:00:48]} Qxd5 {[%clk 0:00:09]} 40. Rxd5
{[%clk 0:00:49]} Rf8 {[%clk 0:00:05]} 41. Re6 {[%clk 0:00:47]} Kc6
{[%clk 0:00:05]} 42. Rd1 {[%clk 0:00:42]} Rf2 {[%clk 0:00:05]} 43. Rc1+
{[%clk 0:00:35]} Kb5 {[%clk 0:00:06]} 44. Rc7 {[%clk 0:00:29]} Rd8
{[%clk 0:00:07]} 45. d7 {[%clk 0:00:29]} Rd2 {[%clk 0:00:04]} 46. Re7
{[%clk 0:00:28]} Rd1+ {[%clk 0:00:05]} 47. Kc2 {[%clk 0:00:29]} Ne3+
{[%clk 0:00:06]} 48. Kb3 {[%clk 0:00:28]} a4+ {[%clk 0:00:04]} 49. Ka2
{[%clk 0:00:28]} Ra8 {[%clk 0:00:03]} 50. Ne6 {[%clk 0:00:25]} a3
{[%clk 0:00:04]} 51. bxa3 {[%clk 0:00:13]} Rd2+ {[%clk 0:00:06]} 52. Kb1
{[%clk 0:00:14]} Rd1+ {[%clk 0:00:06]} 53. Kb2 {[%clk 0:00:14]} Rd2+
{[%clk 0:00:07]} 54. Kb1 {[%clk 0:00:15]} Rd1+ 55. Kb2 Rd2+ {[%clk 0:00:09]} 56.
Kb1 {[%clk 0:00:18]} 1/2-1/2

[Event "Team Championship (men blitz)"]
[Site "Sochi"]
[Date "2017.10.05"]
[Round "14.22"]
[White "Kovalev, Vladislav"]
[Black "Potapov, Pavel"]
[Result "1/2-1/2"]
[LiveChessVersion "1.4.8"]
[BlackElo "2451"]
[WhiteElo "2527"]

1. e4 {[%clk 0:03:03]} c5 {[%clk 0:03:04]} 2. Be2 {[%clk 0:03:05]} Nc6
{[%clk 0:03:04]} 3. f4 {[%clk 0:03:06]} g6 {[%clk 0:03:04]} 4. Nf3
{[%clk 0:03:08]} Bg7 {[%clk 0:03:05]} 5. O-O {[%clk 0:03:08]} d6 {[%clk 0:03:02]}
6. d3 {[%clk 0:03:09]} b5 {[%clk 0:02:57]} 7. a3 {[%clk 0:02:58]} Bb7
{[%clk 0:02:57]} 8. c3 {[%clk 0:02:57]} Nf6 {[%clk 0:02:47]} 9. Kh1
{[%clk 0:02:58]} O-O {[%clk 0:02:46]} 10. Be3 {[%clk 0:02:59]} Qc7
{[%clk 0:02:44]} 11. Nbd2 {[%clk 0:02:55]} e5 {[%clk 0:02:27]} 12. fxe5
{[%clk 0:02:26]} Nxe5 {[%clk 0:02:27]} 13. Nxe5 {[%clk 0:02:18]} dxe5
{[%clk 0:02:28]} 14. b4 {[%clk 0:02:00]} c4 {[%clk 0:01:56]} 15. dxc4
{[%clk 0:02:00]} Nxe4 {[%clk 0:01:54]} 16. Nxe4 {[%clk 0:01:59]} Bxe4
{[%clk 0:01:54]} 17. Qb3 {[%clk 0:01:35]} Rfd8 {[%clk 0:00:45]} 18. cxb5
{[%clk 0:01:29]} Bd3 {[%clk 0:00:43]} 19. Bxd3 {[%clk 0:01:13]} Rxd3
{[%clk 0:00:43]} 20. Bc5 {[%clk 0:01:14]} e4 {[%clk 0:00:43]} 21. Rae1
{[%clk 0:01:04]} Rxc3 {[%clk 0:00:24]} 22. Qd5 {[%clk 0:00:57]} Rd8
{[%clk 0:00:16]} 23. Rxf7 {[%clk 0:00:31]} Rxd5 {[%clk 0:00:11]} 24. Rxc7
{[%clk 0:00:32]} Rxa3 {[%clk 0:00:08]} 25. Rc8+ {[%clk 0:00:20]} Kf7
{[%clk 0:00:08]} 26. Rc7+ {[%clk 0:00:17]} Kg8 {[%clk 0:00:08]} 27. h3
{[%clk 0:00:10]} e3 {[%clk 0:00:07]} 28. Rxa7 {[%clk 0:00:06]} Rxa7
{[%clk 0:00:06]} 29. Bxa7 {[%clk 0:00:07]} Rxb5 {[%clk 0:00:07]} 30. Bc5
{[%clk 0:00:04]} Bf8 {[%clk 0:00:09]} 31. Rxe3 {[%clk 0:00:03]} Bxc5
{[%clk 0:00:10]} 32. bxc5 1/2-1/2

[Event "Team Championship (men blitz)"]
[Site "Sochi"]
[Date "2017.10.05"]
[Round "14.23"]
[White "Belyakov, Bogdan"]
[Black "Predke, Alexandr"]
[Result "1-0"]
[LiveChessVersion "1.4.8"]
[BlackElo "2528"]
[WhiteElo "2477"]

1. e4 {[%clk 0:03:03]} e5 {[%clk 0:03:03]} 2. Nf3 {[%clk 0:03:04]} Nc6
{[%clk 0:03:04]} 3. Bc4 {[%clk 0:03:05]} Nf6 {[%clk 0:03:05]} 4. Ng5
{[%clk 0:03:04]} d5 {[%clk 0:03:04]} 5. exd5 {[%clk 0:03:05]} Na5
{[%clk 0:03:05]} 6. Bb5+ {[%clk 0:03:05]} c6 {[%clk 0:03:07]} 7. dxc6
{[%clk 0:03:06]} bxc6 {[%clk 0:03:08]} 8. Qf3 {[%clk 0:03:07]} Rb8
{[%clk 0:02:48]} 9. Bd3 {[%clk 0:03:04]} Bd6 {[%clk 0:02:42]} 10. Nc3
{[%clk 0:03:03]} O-O {[%clk 0:02:32]} 11. Nce4 {[%clk 0:03:03]} Nxe4
{[%clk 0:02:32]} 12. Nxe4 {[%clk 0:03:03]} f5 {[%clk 0:02:32]} 13. Nxd6
{[%clk 0:03:03]} Qxd6 {[%clk 0:02:32]} 14. Qe2 {[%clk 0:02:55]} e4
{[%clk 0:02:27]} 15. Bc4+ {[%clk 0:02:56]} Nxc4 16. Qxc4+ {[%clk 0:02:56]} Be6
{[%clk 0:02:26]} 17. Qc3 {[%clk 0:02:57]} f4 {[%clk 0:01:30]} 18. b3
{[%clk 0:02:58]} Bg4 {[%clk 0:01:06]} 19. Bb2 {[%clk 0:02:48]} Qg6
{[%clk 0:01:07]} 20. f3 {[%clk 0:02:18]} exf3 {[%clk 0:00:51]} 21. gxf3
{[%clk 0:02:19]} Rbe8+ {[%clk 0:00:38]} 22. Kf2 {[%clk 0:02:19]} Re3
{[%clk 0:00:29]} 23. dxe3 {[%clk 0:02:01]} fxe3+ {[%clk 0:00:30]} 24. Ke1
{[%clk 0:01:39]} Rxf3 {[%clk 0:00:15]} 25. Rg1 {[%clk 0:01:31]} Rf2
{[%clk 0:00:15]} 26. Qc4+ {[%clk 0:01:18]} Qe6 {[%clk 0:00:06]} 27. Rxg4
{[%clk 0:01:14]} 1-0

[Event "Team Championship (men blitz)"]
[Site "Sochi"]
[Date "2017.10.05"]
[Round "14.24"]
[White "Yuffa, Daniil"]
[Black "Savitskiy, Sergey"]
[Result "1/2-1/2"]
[LiveChessVersion "1.4.8"]
[BlackElo "2327"]
[WhiteElo "2542"]

1. d4 {[%clk 0:03:03]} d5 {[%clk 0:03:03]} 2. Bf4 {[%clk 0:03:03]} Nf6
{[%clk 0:03:01]} 3. e3 {[%clk 0:03:05]} e6 {[%clk 0:02:57]} 4. c4
{[%clk 0:03:04]} Be7 {[%clk 0:02:50]} 5. Nc3 {[%clk 0:03:05]} O-O
{[%clk 0:02:48]} 6. Qc2 {[%clk 0:03:05]} a6 {[%clk 0:02:40]} 7. Rd1
{[%clk 0:03:06]} Nbd7 {[%clk 0:02:32]} 8. Nf3 {[%clk 0:03:02]} dxc4
{[%clk 0:02:22]} 9. Bxc4 {[%clk 0:03:02]} b5 {[%clk 0:02:23]} 10. Bd3
{[%clk 0:02:57]} Bb7 {[%clk 0:02:24]} 11. e4 {[%clk 0:02:56]} h6 {[%clk 0:02:02]}
12. O-O {[%clk 0:02:39]} c5 {[%clk 0:02:01]} 13. d5 {[%clk 0:02:40]} exd5
{[%clk 0:01:54]} 14. exd5 {[%clk 0:02:36]} Re8 {[%clk 0:01:52]} 15. Rfe1
{[%clk 0:02:22]} Nb6 {[%clk 0:01:40]} 16. d6 {[%clk 0:02:18]} Bf8
{[%clk 0:01:41]} 17. Rxe8 {[%clk 0:02:11]} Qxe8 {[%clk 0:01:41]} 18. Bf5
{[%clk 0:01:42]} Bxf3 {[%clk 0:01:19]} 19. gxf3 {[%clk 0:01:42]} Qc6
{[%clk 0:01:18]} 20. Ne4 {[%clk 0:01:38]} Nfd5 {[%clk 0:01:19]} 21. Bg3
{[%clk 0:01:27]} c4 {[%clk 0:01:18]} 22. Qd2 {[%clk 0:01:04]} g6 {[%clk 0:00:42]}
23. Bh3 {[%clk 0:01:05]} f5 {[%clk 0:00:33]} 24. Nc3 {[%clk 0:01:01]} Nxc3
{[%clk 0:00:26]} 25. bxc3 {[%clk 0:00:50]} Rd8 {[%clk 0:00:27]} 26. Be5
{[%clk 0:00:31]} Nc8 {[%clk 0:00:14]} 27. f4 {[%clk 0:00:20]} Nxd6
{[%clk 0:00:14]} 28. Bg2 {[%clk 0:00:21]} Qc7 {[%clk 0:00:10]} 29. Qd5+
{[%clk 0:00:18]} Kh7 {[%clk 0:00:09]} 30. Qe6 {[%clk 0:00:18]} Qe7
{[%clk 0:00:07]} 31. Qd5 {[%clk 0:00:10]} Nf7 {[%clk 0:00:07]} 32. Qxf7+
{[%clk 0:00:07]} Qxf7 {[%clk 0:00:08]} 33. Rxd8 {[%clk 0:00:09]} Bg7
{[%clk 0:00:05]} 34. Bd5 {[%clk 0:00:05]} 1/2-1/2

[Event "Team Championship (men blitz)"]
[Site "Sochi"]
[Date "2017.10.05"]
[Round "14.25"]
[White "Kryakvin, Dmitry"]
[Black "Khismatullin, Denis"]
[Result "1/2-1/2"]
[LiveChessVersion "1.4.8"]
[BlackElo "2660"]
[WhiteElo "2483"]

1. d4 d5 2. c4 {[%clk 0:03:03]} dxc4 {[%clk 0:03:04]} 3. e3 {[%clk 0:03:02]} Nf6
{[%clk 0:03:05]} 4. Bxc4 {[%clk 0:03:03]} e6 {[%clk 0:03:06]} 5. Nf3
{[%clk 0:03:04]} c5 {[%clk 0:03:08]} 6. O-O {[%clk 0:03:03]} cxd4
{[%clk 0:03:09]} 7. exd4 {[%clk 0:03:04]} Be7 {[%clk 0:03:10]} 8. Nc3
{[%clk 0:03:01]} O-O {[%clk 0:03:11]} 9. Qe2 {[%clk 0:03:02]} Nc6
{[%clk 0:03:10]} 10. Rd1 {[%clk 0:03:03]} Na5 {[%clk 0:03:00]} 11. Bd3
{[%clk 0:02:59]} b6 {[%clk 0:03:01]} 12. Bg5 {[%clk 0:02:52]} Bb7
{[%clk 0:03:01]} 13. Ne5 {[%clk 0:02:50]} Rc8 {[%clk 0:02:52]} 14. Rac1
{[%clk 0:02:47]} Nd5 {[%clk 0:02:16]} 15. Bd2 {[%clk 0:02:09]} Nxc3
{[%clk 0:01:38]} 16. Bxc3 {[%clk 0:02:09]} Bg5 {[%clk 0:01:17]} 17. Qh5
{[%clk 0:01:32]} g6 {[%clk 0:01:08]} 18. Nxg6 {[%clk 0:01:20]} fxg6
{[%clk 0:01:08]} 19. Bxg6 {[%clk 0:01:21]} h6 {[%clk 0:00:37]} 20. Rc2
{[%clk 0:00:35]} Qd5 {[%clk 0:00:28]} 21. Qh3 {[%clk 0:00:34]} Rf6
{[%clk 0:00:29]} 22. Bd3 {[%clk 0:00:24]} Rcf8 {[%clk 0:00:28]} 23. Re1
{[%clk 0:00:23]} R8f7 {[%clk 0:00:11]} 24. Be4 {[%clk 0:00:22]} Qd7
{[%clk 0:00:11]} 25. d5 {[%clk 0:00:15]} e5 {[%clk 0:00:09]} 26. Qxd7
{[%clk 0:00:10]} Rxd7 {[%clk 0:00:10]} 27. Bxe5 {[%clk 0:00:10]} Rf8
{[%clk 0:00:07]} 28. f4 {[%clk 0:00:11]} Bxf4 {[%clk 0:00:07]} 29. Bxf4
{[%clk 0:00:06]} Rxf4 {[%clk 0:00:09]} 30. g3 {[%clk 0:00:06]} Rxe4
{[%clk 0:00:07]} 31. Rxe4 {[%clk 0:00:07]} Bxd5 {[%clk 0:00:07]} 32. Rd4
{[%clk 0:00:07]} Kf7 {[%clk 0:00:06]} 33. Rcd2 {[%clk 0:00:07]} Ke6
{[%clk 0:00:07]} 34. Re2+ {[%clk 0:00:08]} Kd6 {[%clk 0:00:08]} 35. Rh4
{[%clk 0:00:09]} Nc4 {[%clk 0:00:08]} 36. Rxh6+ Kc5 37. Rh5 {[%clk 0:00:09]} Kd4
{[%clk 0:00:09]} 38. b3 {[%clk 0:00:08]} Ne3 {[%clk 0:00:08]} 39. Rd2+
{[%clk 0:00:08]} Kc3 {[%clk 0:00:07]} 40. Re2 {[%clk 0:00:08]} Kd3
{[%clk 0:00:07]} 41. Re1 {[%clk 0:00:06]} Bb7 {[%clk 0:00:06]} 42. Re5
{[%clk 0:00:06]} Be4 {[%clk 0:00:06]} 43. Re8 {[%clk 0:00:05]} Rd4
{[%clk 0:00:06]} 44. a4 {[%clk 0:00:06]} Kd2 {[%clk 0:00:05]} 45. Ra1
{[%clk 0:00:06]} Nc2 {[%clk 0:00:05]} 46. Rf1 {[%clk 0:00:06]} Bd3
{[%clk 0:00:07]} 47. Rf2+ {[%clk 0:00:07]} Kc3 {[%clk 0:00:08]} 48. Re7
{[%clk 0:00:07]} a5 {[%clk 0:00:08]} 49. Re6 {[%clk 0:00:08]} Kxb3
{[%clk 0:00:08]} 50. Rxb6+ {[%clk 0:00:09]} Nb4 {[%clk 0:00:09]} 51. h4
{[%clk 0:00:09]} Kxa4 {[%clk 0:00:09]} 52. h5 {[%clk 0:00:10]} Rg4
{[%clk 0:00:06]} 53. Kh2 {[%clk 0:00:09]} Rg5 {[%clk 0:00:08]} 54. h6
{[%clk 0:00:08]} Rh5+ {[%clk 0:00:09]} 55. Kg1 {[%clk 0:00:09]} Kb3
{[%clk 0:00:07]} 56. Rh2 {[%clk 0:00:08]} Rg5 {[%clk 0:00:06]} 57. h7
{[%clk 0:00:07]} Bxh7 {[%clk 0:00:07]} 58. Rxh7 {[%clk 0:00:09]} Rxg3+
{[%clk 0:00:07]} 59. Kf2 {[%clk 0:00:10]} 1/2-1/2

[Event "Team Championship (men blitz)"]
[Site "Sochi"]
[Date "2017.10.05"]
[Round "14.26"]
[White "Pridorozhni, Aleksei"]
[Black "Gluhovsky, Mark"]
[Result "1-0"]
[LiveChessVersion "1.4.8"]
[BlackElo "2260"]
[WhiteElo "2671"]

1. e4 {[%clk 0:03:03]} c5 {[%clk 0:03:03]} 2. Nc3 {[%clk 0:03:04]} Nc6
{[%clk 0:03:04]} 3. Bb5 {[%clk 0:03:05]} e5 {[%clk 0:03:05]} 4. d3
{[%clk 0:03:04]} d6 {[%clk 0:03:00]} 5. f4 {[%clk 0:03:05]} exf4 {[%clk 0:03:01]}
6. Bxf4 {[%clk 0:03:06]} Nf6 {[%clk 0:03:00]} 7. Nf3 {[%clk 0:03:06]} Be7
{[%clk 0:03:01]} 8. O-O {[%clk 0:03:00]} O-O {[%clk 0:03:00]} 9. Bxc6
{[%clk 0:03:00]} bxc6 {[%clk 0:03:01]} 10. e5 {[%clk 0:03:01]} Ng4
{[%clk 0:02:40]} 11. exd6 {[%clk 0:02:56]} Bxd6 {[%clk 0:02:37]} 12. Bxd6
{[%clk 0:02:56]} Qxd6 {[%clk 0:02:38]} 13. Qd2 {[%clk 0:02:38]} c4
{[%clk 0:02:27]} 14. dxc4 {[%clk 0:02:15]} Qxd2 {[%clk 0:02:10]} 15. Nxd2
{[%clk 0:02:16]} Ne3 {[%clk 0:02:11]} 16. Rf4 {[%clk 0:01:45]} Be6
{[%clk 0:01:48]} 17. b3 {[%clk 0:01:16]} Rfd8 {[%clk 0:01:34]} 18. Nf3
{[%clk 0:01:11]} Nxc2 {[%clk 0:01:21]} 19. Rc1 {[%clk 0:01:04]} Nb4
{[%clk 0:01:22]} 20. Rd4 {[%clk 0:01:00]} c5 {[%clk 0:01:20]} 21. Rdd1
{[%clk 0:01:00]} f6 {[%clk 0:00:56]} 22. a3 {[%clk 0:00:42]} Nd3 {[%clk 0:00:56]}
23. Rc2 {[%clk 0:00:42]} Nf4 {[%clk 0:00:53]} 24. g3 {[%clk 0:00:21]} Rxd1+
{[%clk 0:00:37]} 25. Nxd1 {[%clk 0:00:22]} Rd8 {[%clk 0:00:37]} 26. Rd2
{[%clk 0:00:22]} Ne2+ {[%clk 0:00:32]} 27. Kf2 {[%clk 0:00:22]} Rxd2
{[%clk 0:00:29]} 28. Nxd2 {[%clk 0:00:22]} Nd4 {[%clk 0:00:30]} 29. Nc3
{[%clk 0:00:22]} Bf5 {[%clk 0:00:25]} 30. Na4 {[%clk 0:00:21]} Ne6
{[%clk 0:00:23]} 31. Ke3 {[%clk 0:00:15]} Bc2 {[%clk 0:00:24]} 32. Nc3
{[%clk 0:00:15]} Kf7 {[%clk 0:00:20]} 33. b4 {[%clk 0:00:11]} Ke7
{[%clk 0:00:12]} 34. Nce4 {[%clk 0:00:06]} Bxe4 {[%clk 0:00:04]} 35. Nxe4
{[%clk 0:00:07]} cxb4 {[%clk 0:00:04]} 36. axb4 {[%clk 0:00:08]} f5
{[%clk 0:00:03]} 37. Nc3 {[%clk 0:00:09]} Kd6 {[%clk 0:00:04]} 38. Nb5+
{[%clk 0:00:10]} Ke5 {[%clk 0:00:04]} 39. Nxa7 {[%clk 0:00:10]} g5
{[%clk 0:00:05]} 40. Nc6+ {[%clk 0:00:08]} Kd6 {[%clk 0:00:07]} 41. Nd4
{[%clk 0:00:09]} f4+ {[%clk 0:00:03]} 42. gxf4 {[%clk 0:00:08]} Nxf4
{[%clk 0:00:00]} 43. Ke4 {[%clk 0:00:08]} Ng2 {[%clk 0:00:00]} 44. c5+
{[%clk 0:00:08]} Kc7 {[%clk 0:00:00]} 1-0

[Event "Team Championship (men blitz)"]
[Site "Sochi"]
[Date "2017.10.05"]
[Round "14.27"]
[White "Popov, Mikhail"]
[Black "Jakovenko, Dmitry"]
[Result "0-1"]
[LiveChessVersion "1.4.8"]
[BlackElo "2589"]
[WhiteElo "2428"]

1. d4 {[%clk 0:03:03]} Nf6 {[%clk 0:03:03]} 2. Bf4 {[%clk 0:03:04]} e6
{[%clk 0:03:01]} 3. e3 {[%clk 0:03:04]} c5 {[%clk 0:02:57]} 4. Nf3
{[%clk 0:02:59]} cxd4 {[%clk 0:02:58]} 5. exd4 {[%clk 0:03:00]} Be7
{[%clk 0:02:57]} 6. c3 {[%clk 0:02:56]} b6 {[%clk 0:02:55]} 7. Bd3
{[%clk 0:02:56]} Bb7 {[%clk 0:02:56]} 8. h3 {[%clk 0:02:57]} O-O {[%clk 0:02:55]}
9. O-O {[%clk 0:02:57]} d6 {[%clk 0:02:55]} 10. Nbd2 {[%clk 0:02:56]} a6
{[%clk 0:02:52]} 11. a4 {[%clk 0:02:48]} Nbd7 {[%clk 0:02:51]} 12. Nc4
{[%clk 0:02:35]} Qc7 {[%clk 0:02:49]} 13. a5 {[%clk 0:02:36]} b5 {[%clk 0:02:48]}
14. Ne3 {[%clk 0:02:37]} Nd5 {[%clk 0:02:37]} 15. Nxd5 {[%clk 0:02:28]} Bxd5
{[%clk 0:02:38]} 16. Qc2 {[%clk 0:01:39]} Bxf3 {[%clk 0:02:11]} 17. gxf3
{[%clk 0:01:23]} g6 {[%clk 0:02:12]} 18. Rfe1 {[%clk 0:01:13]} Rac8
{[%clk 0:02:11]} 19. Kh2 {[%clk 0:01:03]} Nf6 {[%clk 0:02:11]} 20. Qd2
{[%clk 0:00:53]} Nh5 {[%clk 0:01:59]} 21. Bh6 {[%clk 0:00:48]} Rfe8
{[%clk 0:01:58]} 22. Rg1 {[%clk 0:00:47]} d5+ {[%clk 0:01:50]} 23. Kh1
{[%clk 0:00:47]} Bd6 {[%clk 0:01:48]} 24. Qg5 {[%clk 0:00:42]} Ng7
{[%clk 0:01:37]} 25. h4 {[%clk 0:00:17]} Be7 {[%clk 0:01:22]} 26. Qg4
{[%clk 0:00:18]} f5 {[%clk 0:01:20]} 27. Qh3 {[%clk 0:00:19]} Nh5
{[%clk 0:01:19]} 28. Rae1 {[%clk 0:00:04]} Bf6 {[%clk 0:01:17]} 29. f4
{[%clk 0:00:04]} Kf7 {[%clk 0:01:02]} 30. Bg5 {[%clk 0:00:03]} Nxf4
{[%clk 0:00:59]} 31. Qf3 {[%clk 0:00:03]} Nh5 {[%clk 0:00:56]} 32. Bf1
{[%clk 0:00:03]} Bxg5 {[%clk 0:00:52]} 33. Rxg5 {[%clk 0:00:04]} Qf4
{[%clk 0:00:53]} 34. Qh3 {[%clk 0:00:03]} Qxf2 {[%clk 0:00:52]} 35. Re2
{[%clk 0:00:04]} Qf4 {[%clk 0:00:50]} 36. Bg2 {[%clk 0:00:04]} h6
{[%clk 0:00:46]} 0-1

[Event "Team Championship (men blitz)"]
[Site "Sochi"]
[Date "2017.10.05"]
[Round "14.28"]
[White "Kabanov, Nikolai"]
[Black "Barskij, Vladimir"]
[Result "1/2-1/2"]
[LiveChessVersion "1.4.8"]
[BlackElo "2255"]
[WhiteElo "2380"]

1. Nc3 {[%clk 0:03:02]} d5 {[%clk 0:03:03]} 2. Nf3 {[%clk 0:03:03]} Nf6
{[%clk 0:03:00]} 3. d4 {[%clk 0:03:04]} g6 {[%clk 0:02:56]} 4. Bf4
{[%clk 0:03:04]} Bg7 {[%clk 0:02:58]} 5. e3 {[%clk 0:03:05]} O-O 6. Be2 c5
{[%clk 0:02:52]} 7. Nb5 {[%clk 0:03:01]} Na6 {[%clk 0:02:45]} 8. O-O
{[%clk 0:02:57]} Bf5 {[%clk 0:02:40]} 9. c3 {[%clk 0:02:54]} Qb6 {[%clk 0:02:30]}
10. a4 {[%clk 0:02:52]} c4 {[%clk 0:02:23]} 11. h3 {[%clk 0:02:43]} Rac8
{[%clk 0:02:18]} 12. Nd2 {[%clk 0:02:31]} Nb8 {[%clk 0:02:15]} 13. b4
{[%clk 0:02:25]} cxb3 {[%clk 0:02:08]} 14. Bxb8 {[%clk 0:01:52]} Bc2
{[%clk 0:01:57]} 15. Qc1 {[%clk 0:01:43]} Rxb8 {[%clk 0:01:56]} 16. Qb2
{[%clk 0:01:42]} a6 {[%clk 0:01:53]} 17. Na3 {[%clk 0:01:43]} Bf5
{[%clk 0:01:37]} 18. Qxb3 {[%clk 0:01:42]} Qxb3 {[%clk 0:01:34]} 19. Nxb3
{[%clk 0:01:42]} Ne4 {[%clk 0:01:34]} 20. c4 {[%clk 0:01:40]} dxc4 21. Nxc4
{[%clk 0:01:27]} b5 {[%clk 0:01:31]} 22. axb5 {[%clk 0:01:24]} axb5
{[%clk 0:01:31]} 23. Nca5 {[%clk 0:01:22]} Rfc8 {[%clk 0:01:27]} 24. Rfc1
{[%clk 0:01:22]} Nc3 {[%clk 0:01:25]} 25. Bf3 {[%clk 0:01:22]} b4
{[%clk 0:01:22]} 26. Nc6 {[%clk 0:01:14]} Rxc6 {[%clk 0:01:22]} 27. Bxc6
{[%clk 0:01:14]} Ne2+ {[%clk 0:01:23]} 28. Kf1 {[%clk 0:01:15]} Nxc1
{[%clk 0:01:23]} 29. Rxc1 {[%clk 0:01:16]} Bd3+ {[%clk 0:01:17]} 30. Ke1
{[%clk 0:01:17]} e5 {[%clk 0:01:09]} 31. Kd2 {[%clk 0:01:13]} Bf5
{[%clk 0:00:56]} 32. e4 {[%clk 0:01:13]} Bh6+ {[%clk 0:00:56]} 33. Kc2
{[%clk 0:01:04]} Bxc1 {[%clk 0:00:56]} 34. exf5 {[%clk 0:01:04]} Bg5
{[%clk 0:00:52]} 35. fxg6 {[%clk 0:01:04]} hxg6 {[%clk 0:00:52]} 36. d5
{[%clk 0:00:57]} Be7 {[%clk 0:00:52]} 37. Kd3 {[%clk 0:00:57]} Rb6
{[%clk 0:00:45]} 38. Kc4 {[%clk 0:00:57]} Ra6 {[%clk 0:00:46]} 39. Nd2
{[%clk 0:00:41]} Ra2 {[%clk 0:00:44]} 40. Ne4 {[%clk 0:00:42]} f5
{[%clk 0:00:40]} 41. d6 {[%clk 0:00:39]} Bd8 {[%clk 0:00:41]} 42. Nc5
{[%clk 0:00:33]} Kf7 {[%clk 0:00:22]} 43. Bd5+ {[%clk 0:00:32]} Ke8
{[%clk 0:00:21]} 44. Bc6+ {[%clk 0:00:33]} Kf7 {[%clk 0:00:22]} 45. Bd5+
{[%clk 0:00:34]} Ke8 {[%clk 0:00:23]} 46. Bc6+ {[%clk 0:00:32]} Kf7
{[%clk 0:00:25]} 47. Bd5+ {[%clk 0:00:33]} Ke8 {[%clk 0:00:26]} 48. Bc6+ 1/2-1/2

[Event "Team Championship (men blitz)"]
[Site "Sochi"]
[Date "2017.10.05"]
[Round "14.29"]
[White "Grachev, Boris"]
[Black "Strukova, Ksenia"]
[Result "1-0"]
[LiveChessVersion "1.4.8"]
[BlackElo "1936"]
[WhiteElo "2625"]

1. d4 {[%clk 0:03:02]} Nf6 {[%clk 0:03:03]} 2. Bf4 {[%clk 0:03:02]} d6
{[%clk 0:03:05]} 3. e3 {[%clk 0:03:03]} g6 {[%clk 0:03:06]} 4. h3
{[%clk 0:03:03]} Bg7 {[%clk 0:03:07]} 5. Nf3 {[%clk 0:03:04]} O-O
{[%clk 0:03:07]} 6. Be2 {[%clk 0:03:05]} b6 {[%clk 0:03:08]} 7. O-O
{[%clk 0:03:05]} Bb7 {[%clk 0:03:09]} 8. c4 {[%clk 0:03:00]} Nbd7
{[%clk 0:03:10]} 9. Bh2 {[%clk 0:02:52]} Re8 {[%clk 0:03:10]} 10. Nc3
{[%clk 0:02:52]} a6 {[%clk 0:02:58]} 11. Qc2 {[%clk 0:02:49]} e5 {[%clk 0:02:56]}
12. dxe5 {[%clk 0:02:39]} Nxe5 {[%clk 0:02:56]} 13. Nxe5 {[%clk 0:02:37]} dxe5
{[%clk 0:02:57]} 14. Rfd1 {[%clk 0:02:36]} Qe7 {[%clk 0:02:56]} 15. Nd5
{[%clk 0:02:35]} Nxd5 {[%clk 0:02:24]} 16. cxd5 {[%clk 0:02:36]} Rad8
{[%clk 0:02:22]} 17. e4 {[%clk 0:02:32]} Qd6 {[%clk 0:02:06]} 18. Rac1
{[%clk 0:02:13]} Rd7 {[%clk 0:01:36]} 19. Qa4 {[%clk 0:02:02]} b5
{[%clk 0:01:32]} 20. Qb3 {[%clk 0:02:03]} Qb6 {[%clk 0:01:09]} 21. a4
{[%clk 0:01:53]} c6 {[%clk 0:00:51]} 22. axb5 {[%clk 0:01:42]} axb5
{[%clk 0:00:27]} 23. Bg3 {[%clk 0:01:15]} Rb8 {[%clk 0:00:16]} 24. dxc6
{[%clk 0:01:06]} Rxd1+ {[%clk 0:00:17]} 25. Qxd1 {[%clk 0:01:06]} Bxc6
{[%clk 0:00:17]} 26. Qd6 {[%clk 0:01:05]} Bxe4 {[%clk 0:00:09]} 27. Rc8+
{[%clk 0:01:04]} Rxc8 {[%clk 0:00:06]} 28. Qxb6 {[%clk 0:01:04]} Bf5
{[%clk 0:00:06]} 29. Qxb5 {[%clk 0:00:59]} 1-0